000 00455nam a2200169Ia 4500
008 090711s9999 xx 000 0 und d
082 _b38792
100 _aगोगटे शकुंतला
245 _aSााहुल
260 _c1978
300 _a124
600 _aगोगटे शकुंतला
630 _aSााहुल
700 _aगोगटे शकुंतला
730 _aSााहुल
942 _cBOOK
999 _c288541
_d288541